Campus and the state (Record no. 374788)

000 -LEADER
fixed length control field 00455cam a22001457a 4500
008 - FIXED-LENGTH DATA ELEMENTS--GENERAL INFORMATION
fixed length control field 180718b1959 xxu||||| |||| 00| 0 eng d
082 ## - DEWEY DECIMAL CLASSIFICATION NUMBER
Classification number P500x73 M789
100 ## - MAIN ENTRY--PERSONAL NAME
Personal name Moos, Malcolm
245 ## - TITLE STATEMENT
Title Campus and the state
Statement of responsibility, etc. by Malcolm Moos and Francis E. Rourke
260 ## - PUBLICATION, DISTRIBUTION, ETC.
Place of publication, distribution, etc. Baltimore
Name of publisher, distributor, etc. Johns Hopkins
Date of publication, distribution, etc. 1959
300 ## - PHYSICAL DESCRIPTION
Extent 414p.
650 ## - SUBJECT ADDED ENTRY--TOPICAL TERM
Topical term or geographic name entry element Education and State - USA
650 ## - SUBJECT ADDED ENTRY--TOPICAL TERM
Topical term or geographic name entry element Colleges and Universities - USA - Administration
700 ## - ADDED ENTRY--PERSONAL NAME
Personal name Rourke, Francis E.
Holdings
Withdrawn status Lost status Damaged status Not for loan Permanent Location Current Location Date acquired Full call number Barcode Date last seen Price effective from Koha item type
        Indian Institute of Public Administration Indian Institute of Public Administration 1994-06-29 P500x73 M789 26258 2018-07-21 2018-07-21 Book

Powered by Koha